000
00328nam a2200133Ia 4500
008
220204s9999 xx 000 0 und d
020
_a
139780123741073
082
_a
631/635
_b
ADV.94
100
_a
Sparks, Donald
245
0
_a
Advances in agronomy. V.94
260
_a
USA
_c
2007
650
_a
Soil redox potential
942
_c
BK
999
_c
42697
_d
42697